Touts les Pays Vainqueurs de la Coupe du Monde de foot en 15 secondes - Statistiques

Statistiques générales
  • Ce quiz a été pris 90 fois
  • Le résultat moyen est 17 sur 22
Statistiques - réponses
Année Pays % Correct
2018 France
96%
1998 France
96%
2002 Brésil
87%
1994 Brésil
87%
1970 Brésil
87%
1962 Brésil
87%
1958 Brésil
87%
2014 Allemagne
83%
1990 Allemagne
83%
1974 Allemagne
83%
1954 Allemagne
83%
2022 Argentine
81%
1986 Argentine
81%
1978 Argentine
81%
2006 Italie
72%
1982 Italie
72%
1938 Italie
72%
1934 Italie
72%
1966 Angleterre
66%
2010 Espagne
66%
1950 Uruguay
57%
1930 Uruguay
57%
Aucun quiz correspondant
Distribution des résultats
% des personnes avec chaque résultat
Percentile par nombre de réponses
Votre historique - résultats
Vous n’avez pas pris ce quiz